| Поле | Название | Значение |
| |
Тип записи |
m |
| |
Библиографический уровень |
m |
| 001 |
Контрольный номер |
32da7fcb691b40e989a458a257cb80e3 |
| 005 |
Дата корректировки |
20260622132918.0 |
| 040 |
Источник каталогиз. |
__ |
| b |
Код языка каталог. |
rus |
| e |
Правила каталог. |
PSBO |
| 041 |
Код языка издания |
0_ |
| a |
Код языка текста |
rus |
| 080 |
Индекс УДК |
__ |
| a |
Индекс УДК |
796.42(07) |
| 090 |
Шифры |
__ |
| c |
Каталожный индекс |
796.42(07) |
| x |
Авторский знак |
Щ 643 |
| 100 |
Автор |
1_ |
| a |
Автор |
Щербина Н.В. |
| 245 |
Заглавие |
10 |
| a |
Заглавие |
Легкая атлетика. Обучение метанию спортивных снарядов |
| b |
Продолж. заглавия |
учебно-наглядное пособие |
| c |
Ответственность |
Министерство спорта Российской Федерации |
| c |
Ответственность |
Воронежская государственная академия спорта, Кафедра теории и методики циклических видов спорта |
| 256 |
Характеристики компьютерного файла |
__ |
| a |
Характеристики компьютерного файла |
Электрон. текстовые дан. (1 файл : 57,9 МБ) |
| 260 |
Выходные данные |
__ |
| a |
Место издания |
Воронеж |
| b |
Издательство |
ВГАС |
| c |
Дата издания |
2025 |
| 300 |
Физическое описание |
__ |
| a |
Объем |
Электрон. дан. (1 файл) |
| 336 |
Вид содержания |
__ |
| a |
Термин вида содержания |
Текст |
| 337 |
Средство доступа |
__ |
| a |
Термин типа средства |
электронный |
| 500 |
Примечания |
__ |
| a |
Примечание |
Режим доступа: Электронный каталог библиотеки. - Загл. с титула экрана. - Электрон. копия печ. версии |
| 504 |
Библиография |
__ |
| a |
Библиография |
Библиогр.: с. 53 |
| 520 |
Аннотация |
0_ |
| a |
Аннотация |
Учебно-наглядное пособие составлено применительно к дисциплинам«Теория и методика избранного вида спорта: легкая атлетика»и «Элективная дисциплина по физической культуре и спорту: циклические виды спорта» с учетом требования нового федерального государственного образовательного стандарта профессионального образования по программам подготовки обучающихся высшего образования институтов физической культуры и кафедр физического воспитания. Целью пособия является формирование у студентов необходимых компетенций при выполнении заданий на практических занятиях и самостоятельной работы. Издание адресовано студентам, обучающимся по направлению подготовки 49.03.04 «Спорт». |
| 521 |
Примеч. о цел. назн. |
0_ |
| c |
Направление |
49.03.04 Спорт |
| e |
Дисциплина |
Теория и методика ИВС - легкая атлетика; Элективные дисциплины по ФКиС - легкая атлетика |
| 650 |
Тематические рубрики |
04 |
| a |
Предметная рубрика |
ФИЗКУЛЬТУРА И СПОРТ |
| 650 |
Тематические рубрики |
04 |
| a |
Предметная рубрика |
ЭЛЕКТРОННАЯ БИБЛИОТЕКА |
| 653 |
Ключевые слова |
1_ |
| a |
Ключевые слова |
ЛЕГКАЯ АТЛЕТИКА; СПОРТИВНЫЕ СНАРЯДЫ; МЕТАНИЕ КОПЬЯ; МЕТАНИЕ ДИСКА; МЕТАНИЕ МОЛОТА |
| 700 |
Другие авторы |
12 |
| a |
Другие авторы |
Пауков А.А. |
| 900 |
Макрообъекты |
__ |
| a |
Имя макрообъекта |
Легкая атлетика. Обучение метанию спортивных снарядов (020847) |
| 901 |
Тип документа |
__ |
| t |
Тип документа |
m |
| 952 |
Тип литературы |
__ |
| a |
Тип литературы для КСУ ВШ |
ЭКУ |
| 999 |
Фонд |
__ |
| a |
Фонд |
Книгообмен 2026 ЭР |